| 000 | 01374nam a2200337 i 4500 | ||
|---|---|---|---|
| 001 | 18394 | ||
| 003 | ES-MaACL | ||
| 005 | 20240125063127.0 | ||
| 007 | t| | ||
| 008 | 011119m2001 sp ||||1| spa d | ||
| 020 | _a84-7738-841-5 | ||
| 080 | _a929 Freud, Sigmund | ||
| 080 | _a929 Ferenczi, Sándor | ||
| 100 | 1 |
_aFreud, Sigmund, _d1856-1939 _952547 |
|
| 245 | 1 | 0 |
_aCorrespondencia completa / _cSigmund Freud, Sándor Ferenczi ; edición a cargo de Eva Brabant, Ernst Falzeder y Patrizia Giampieri-Deutsch ; supervisión científica de André Haymal y transcripción de Ingeborg Meyer-Palmedo. |
| 260 |
_aMadrid : _bSíntesis, _c[2001-] |
||
| 300 |
_av.<I.1, I.2, II.1, II.2) ; _c24 cm. |
||
| 490 | 1 | _aPsicoanálisis. Correspondencias | |
| 505 | 8 | _aContiene: v. I.1. 1908-1911 -- v. I.2. 1912-1914 -- v.II.1 1914-1916 -- v. II.2 1917-1919 | |
| 600 | 1 | 4 |
_aFreud, Sigmund, _d1856-1939- _vCorrespondencia _952548 |
| 600 | 1 | 4 |
_aFerenczi, Sándor- _vCorrespondencia. _949283 |
| 700 | 1 |
_aFerenczi, Sándor. _949282 |
|
| 700 | 1 |
_aBrabant, Eva. _931226 |
|
| 700 | 1 |
_aFalzeder, Ernst. _948782 |
|
| 700 | 1 |
_aGiampieri-Deutsch, Patrizia. _956606 |
|
| 700 | 1 |
_aHaynal, André. _962208 |
|
| 700 | 1 |
_aMeyer-Palmedo, Ingeborg. _980808 |
|
| 830 | 0 |
_aPsicoanálisis. Correspondencias _9180479 |
|
| 852 |
_aES-MaACL _jP-1966 _bR.130651 |
||
| 999 |
_c18394 _d18394 |
||